Statistics for Top 100 Football Players 2016

Click here to take the quiz!

General Stats

  • This quiz has been taken 673 times
  • The average score is 69 of 100

Answer Stats

Rank Player Club Country % Correct
1Cristiano RonaldoReal MadridPortugal
100%
2Lionel MessiBarcelonaArgentina
100%
3Luis SuarezBarcelonaUruguay
98%
5NeymarFC BarcelonaBrazil
98%
6Gareth BaleReal MadridWales
98%
20Zlatan IbrahimovicParis SG / Manchester UnitedSweden
96%
9Alexis SanchezArsenalChile
94%
11Sergio AgüeroManchester CityArgentina
94%
12Luka ModricReal MadridCroatia
94%
17Paul PogbaJuventus / Manchester UnitedFrance
93%
7Robert LewandowskiBayern MunichPoland
93%
23Mesut ÖzilArsenalGermany
93%
4Antoine GriezmannAtletico MadridFrance
92%
19Jamie VardyLeicester CityEngland
91%
15Andrès IniestaBarcelonaSpain
91%
33Harry KaneTottenhamEngland
91%
35Eden HazardChelseaBelgium
90%
25Sergio RamosReal MadridSpain
89%
13Kévin De BruyneManchester CityBelgium
89%
21Toni KroosReal MadridGermany
88%
14Gonzalo HiguainNapoli / JuventusArgentina
88%
16N'Golo KantéLeicester City / ChelseaFrance
87%
10Riyad MahrezLeicester CityAlgeria
87%
31Thomas MüllerBayern MunichGermany
86%
91Adrien SilvaSporting CPPortugal
86%
18Manuel NeuerBayern MunichGermany
85%
8Pierre-Emerick AubameyangDortmundGabon
84%
34Ivan RakiticBarcelonaCroatia
84%
44David SilvaManchester CitySpain
84%
52Thiago SilvaParis SGBrazil
84%
28Philippe CoutinhoLiverpoolBrazil
84%
32Arturo VidalBayern MunichChile
83%
22Gianluigi BuffonJuventusItaly
82%
29David De GeaManchester UnitedSpain
82%
27Dimitri PayetWest HamFrance
82%
38Gerard PiquéBarcelonaSpain
82%
47Edinson CavaniParis SGUruguay
82%
30PepeReal MadridPortugal
81%
50Karim BenzemaReal MadridFrance
81%
48MarceloReal MadridBrazil
79%
51Mats HummelsDortmund / Bayern MunichGermany
79%
24Diego GodinAtletico MadridUruguay
78%
43Angel Di MariaParis SGArgentina
77%
40Hugo LlorisTottenhamFrance
76%
63Douglas CostaBayern MunichBrazil
76%
89Arjen RobbenBayern MunichNetherlands
75%
46Diego CostaChelseaSpain
75%
61David AlabaBayern MunichAustria
75%
55Keylor NavasReal MadridCosta Rica
75%
56Philipp LahmBayern MunichGermany
74%
37Paulo DybalaJuventusArgentina
74%
36Jérôme BoatengBayern MunichGermany
73%
87James RodriguezReal MadridColombia
70%
69Sadio ManéSouthampton / LiverpoolSenegal
69%
66Giorgio ChielliniJuventusItaly
69%
39Sergio BusquetsBarcelonaSpain
69%
86Juan MataManchester UnitedSpain
68%
73Aaron RamseyArsenalWales
68%
26Leonardo BonucciJuventusItaly
68%
65Mohamed SalahAS RomaEgypt
67%
76Roberto FirminoLiverpoolBrazil
66%
45Marco VerrattiParis SGItaly
64%
41KokeAtletico MadridSpain
64%
90Dele AlliTottenhamEngland
62%
54Renato SanchesBenfica / Bayern MunichPortugal
62%
78Dani AlvèsBarcelona / JuventusBrazil
62%
42Jan OblakAtletico MadridSlovenia
62%
82Marek HamsikNapoliSlovakia
61%
62Javier MascheranoBarcelonaArgentina
58%
49Mauro IcardiInter MilanArgentina
58%
71Alvaro MorataJuventus / Real MadridSpain
57%
70Miralem PjanicAS Roma / JuventusBosnia
57%
100Ousmane DembéléRennes / DortmundFrance
56%
92Thibaut CourtoisChelseaBelgium
56%
57Henrikh MkhitaryanDortmund / Manchester UnitedArmenia
55%
81Claudio BravoBarcelona / Manchester CityChile
54%
98Thiago AlcantaraBayern MunichSpain
54%
53CasemiroReal MadridBrazil
54%
94Alexandre LacazetteOlympique LyonnaisFrance
53%
72Kasper SchmeichelLeicester CityDenmark
53%
68Laurent KoscielnyArsenalFrance
53%
88Raheem SterlingManchester CityEngland
50%
85Ilkay GündoganDortmund / Manchester CityGermany
48%
58Toby AlderweireldTottenhamBelgium
48%
97Santi CazorlaArsenalSpain
47%
77Yannick CarrascoAtlético MadridBelgium
44%
84Blaise MatuidiParis SGFrance
43%
59Kévin GameiroSevilla / Atletico MadridFrance
43%
93FernandinhoManchester CityBrazil
41%
79NaniFenerbahçe / ValenciaPortugal
37%
67Aritz AdurizAthletic BilbaoSpain
35%
64Gabriel JesusPalmeirasBrazil
35%
96Francesco TottiAS RomaItaly
33%
60Joshua KimmichBayern MunichGermany
33%
74Raphaël GuerreiroLorient / DortmundPortugal
30%
95Éver BanegaSevilla / Inter MilanArgentina
26%
80Gianluigi DonnarummaAC MilanItaly
24%
75Rui PatricioSporting CPPortugal
19%
99Julian WeiglDortmundGermany
12%
83Miguel BorjaAtlético NacionalColombia
3%

Score Distribution

Percentile by Number Answered

Percent of People with Each Score

Your Score History

You have not taken this quiz